[Event "AUT-chT2O 1819"]
[Site "Austria"]
[Date "2019.03.09"]
[Round "8.2"]
[White "Pinter, Erik"]
[Black "Steindl, Johannes"]
[Result "0-1"]
[WhiteElo "2360"]
[BlackElo "2215"]
[PlyCount "74"]
[EventDate "2018.10.06"]
[EventType "team-tourn"]
[EventRounds "11"]
[EventCountry "AUT"]
[SourceTitle "CBM 189 Extra"]
[Source "ChessBase"]
[SourceDate "2019.05.31"]
[SourceVersion "1"]
[SourceVersionDate "2019.05.31"]
[SourceQuality "1"]
[WhiteTeam "Nickelsdorf Blackburne"]
[BlackTeam "Wien Ottakring"]
[WhiteTeamCountry "AUT"]
[BlackTeamCountry "AUT"]

1. e4 e5 2. Nf3 Nc6 3. Bb5 Nf6 4. 0-0 Nxe4 5. Re1 Nd6 6. Nxe5 Be7 7. Bf1 Nxe5 8. Rxe5 0-0 9. d4 Bf6 10. Re1 Nf5 11. c3 d5 12. Bf4 c6 13. Nd2 Nh4 14. Nb3 Bg5 15. Bg3 Ng6 16. Nc5 Bf4 17. Qf3 Bxg3 18. hxg3 b6 19. Nd3 Be6 20. Qh5 Qd7 21. f3 Rae8 22. Kf2 c5 23. dxc5 d4 24. Kg1 dxc3 25. bxc3 Bc4 26. Rad1 Rxe1 27. Rxe1 Bxd3 28. Rd1 Qf5 29. Qxf5 Bxf5 30. g4 Be6 31. cxb6 axb6 32. Rb1 Bxa2 33. Rxb6 Rc8 34. Rb2 Be6 35. Rc2 Ne5 36. Re2 Nc4 37. Kf2 g5 0-1

[Event "SVK-chT 1718"]
[Site "Slovakia"]
[Date "2018.03.03"]
[Round "10.2"]
[White "Czebe, Attila"]
[Black "Pinter, Erik"]
[Result "0-1"]
[WhiteElo "2465"]
[BlackElo "2393"]
[PlyCount "58"]
[EventDate "2017.09.30"]
[EventType "team-tourn"]
[EventRounds "11"]
[EventCountry "SVK"]
[SourceTitle "EXT 2019"]
[Source "ChessBase"]
[SourceDate "2018.10.10"]
[SourceVersion "1"]
[SourceVersionDate "2018.10.10"]
[SourceQuality "1"]
[WhiteTeam "Dunajska Streda"]
[BlackTeam "Snina Reinter"]
[WhiteTeamCountry "SVK"]
[BlackTeamCountry "SVK"]

1. Nf3 c5 2. b3 d6 3. g3 e5 4. Bg2 g6 5. 0-0 Bg7 6. c3 Nc6 7. Na3 Nge7 8. Nc2 0-0 9. e4 d5 10. d3 d4 11. cxd4 cxd4 12. b4 a6 13. a4 Bd7 14. Nd2 Nc8 15. Nc4 Be6 16. Bd2 Nb6 17. Nxb6 Qxb6 18. Rb1 Rfc8 19. b5 axb5 20. axb5 Na7 21. Nb4 Nxb5 22. Nd5 Bxd5 23. exd5 Qa6 24. Qb3 Nc3 25. Bxc3 dxc3 26. Rfc1 Qxd3 27. d6 Bh6 28. Bxb7 Bxc1 29. Bxa8 Bb2 0-1

[Event "AUT-chT2O 1718"]
[Site "Austria"]
[Date "2018.01.13"]
[Round "6.1"]
[White "Jankovic, Alojzije"]
[Black "Pinter, Erik"]
[Result "1-0"]
[WhiteElo "2575"]
[BlackElo "2393"]
[PlyCount "65"]
[EventDate "2017.10.21"]
[EventType "team-tourn"]
[EventRounds "11"]
[EventCountry "AUT"]
[SourceTitle "EXT 2019"]
[Source "ChessBase"]
[SourceDate "2018.10.10"]
[SourceVersion "1"]
[SourceVersionDate "2018.10.10"]
[SourceQuality "1"]
[WhiteTeam "Baden Invest"]
[BlackTeam "Nickelsdorf Blackburne"]
[WhiteTeamCountry "AUT"]
[BlackTeamCountry "AUT"]

1. d4 Nf6 2. Nf3 g6 3. g3 Bg7 4. Bg2 0-0 5. 0-0 d5 6. Bf4 c5 7. c3 Qb6 8. Qb3 Qxb3 9. axb3 cxd4 10. Nxd4 Nc6 11. Nxc6 bxc6 12. Nd2 Ng4 13. Bc7 Bb7 14. Ra4 Rfc8 15. Ba5 f5 16. Bb4 c5 17. Ba3 e6 18. b4 c4 19. b5 a6 20. b6 Ne5 21. Bd6 Nc6 22. Rc1 Be5 23. Nxc4 Bf6 24. Ne3 Bd8 25. c4 d4 26. Nc2 Bxb6 27. c5 Bc7 28. Nxd4 Nxd4 29. Rxd4 Bxg2 30. Kxg2 Rab8 31. c6 Kf7 32. Ba3 Rd8 33. Rd7+ 1-0

[Event "SVK-chT 1617"]
[Site "Slovakia"]
[Date "2016.12.18"]
[Round "4.2"]
[White "Pinter, Erik"]
[Black "Jacko, Vladimir1"]
[Result "1/2-1/2"]
[WhiteElo "2379"]
[BlackElo "2302"]
[PlyCount "102"]
[EventDate "2016.10.22"]
[EventType "team-tourn"]
[EventRounds "11"]
[EventCountry "SVK"]
[SourceTitle "CBM 177 Extra"]
[Source "ChessBase"]
[SourceDate "2017.04.27"]
[SourceVersion "1"]
[SourceVersionDate "2017.04.27"]
[SourceQuality "1"]
[WhiteTeam "Humenne Reinter"]
[BlackTeam "Prakovce"]
[WhiteTeamCountry "SVK"]
[BlackTeamCountry "SVK"]

1. e4 e5 2. Nf3 d6 3. Bc4 Nc6 4. c3 g6 5. d4 Qe7 6. 0-0 Bg7 7. Re1 Nf6 8. dxe5 Nxe5 9. Nxe5 dxe5 10. b3 0-0 11. Ba3 c5 12. Nd2 Rd8 13. Bc1 Bg4 14. Qc2 Rd6 15. Nf1 Qd7 16. Ne3 Be6 17. Bxe6 Qxe6 18. a4 Rad8 19. Nc4 Rd3 20. Bg5 R8d7 21. Bxf6 Qxf6 22. Rad1 Qd8 23. Ne3 f5 24. Rxd3 Rxd3 25. exf5 e4 26. fxg6 hxg6 27. c4 Qd4 28. Qe2 Rxb3 29. Qg4 Rb6 30. Rd1 Qe5 31. Rd8+ Kf7 32. Rd7+ Kg8 33. g3 Qe6 34. Qxe6+ Rxe6 35. Rxb7 Ra6 36. Rb5 Rxa4 37. Rxc5 Bd4 38. Rd5 Bxe3 39. fxe3 Rxc4 40. Rd8+ Kf7 41. Rd7+ Ke6 42. Rxa7 Rc3 43. Ra6+ Kf5 44. g4+ Kxg4 45. Rxg6+ Kf3 46. Rg3+ Ke2 47. h4 Rc5 48. Rh3 Rh5 49. Kg2 Rh8 50. h5 Rg8+ 51. Rg3 Rh8 1/2-1/2

[Event "AUT-chT2O 1516"]
[Site "Austria"]
[Date "2016.04.09"]
[Round "10.4"]
[White "Prager, Manfred1"]
[Black "Pinter, Erik"]
[Result "0-1"]
[WhiteElo "2004"]
[BlackElo "2370"]
[PlyCount "108"]
[EventDate "2015.10.17"]
[EventType "team-tourn"]
[EventRounds "11"]
[EventCountry "AUT"]
[SourceTitle "EXT 2017"]
[Source "ChessBase"]
[SourceDate "2016.10.25"]
[SourceVersion "1"]
[SourceVersionDate "2016.10.25"]
[SourceQuality "1"]
[WhiteTeam "Hietzing"]
[BlackTeam "Nickelsdorf Blackburne"]
[WhiteTeamCountry "AUT"]
[BlackTeamCountry "AUT"]

1. e4 c5 2. Nf3 d6 3. d4 cxd4 4. Nxd4 Nf6 5. Nc3 Nc6 6. Be2 e5 7. Nb3 Be6 8. 0-0 Be7 9. a3 0-0 10. Qd3 d5 11. exd5 Nxd5 12. Nxd5 Qxd5 13. Be3 Qxd3 14. Bxd3 b6 15. Be4 Rac8 16. Rfd1 Bf6 17. Rd2 Ne7 18. Rad1 Nf5 19. Bxf5 Bxf5 20. c3 Rfd8 21. Rxd8+ Rxd8 22. Rxd8+ Bxd8 23. f4 f6 24. Nd2 exf4 25. Bxf4 Kf7 26. Nf3 g5 27. Be3 Bd7 28. Kf2 Bc7 29. h3 h5 30. Nd2 h4 31. c4 Bg3+ 32. Kf1 Kg6 33. b3 Bd6 34. b4 Be5 35. c5 bxc5 36. Bxc5 a6 37. Kf2 Bb5 38. Ne4 f5 39. Nd6 Bb2 40. Nxb5 axb5 41. Kf3 Bxa3 42. Be7 Bb2 43. Bc5 Be5 44. Be3 Bc3 45. Bc5 Kf6 46. Bf8 Ke6 47. Bc5 Bd2 48. Ke2 Bf4 49. Kf3 Bd6 50. Be3 Bxb4 51. Bxg5 Be7 52. Bc1 b4 53. g4 hxg3 54. Kxg3 b3 0-1

[Event "AUT-chT2O 1516"]
[Site "Austria"]
[Date "2016.03.05"]
[Round "7.4"]
[White "Pinter, Erik"]
[Black "Wiedner, Robert"]
[Result "1-0"]
[WhiteElo "2370"]
[BlackElo "2197"]
[PlyCount "111"]
[EventDate "2015.10.17"]
[EventType "team-tourn"]
[EventRounds "11"]
[EventCountry "AUT"]
[SourceTitle "EXT 2017"]
[Source "ChessBase"]
[SourceDate "2016.10.25"]
[SourceVersion "1"]
[SourceVersionDate "2016.10.25"]
[SourceQuality "1"]
[WhiteTeam "Nickelsdorf Blackburne"]
[BlackTeam "Mattersburg"]
[WhiteTeamCountry "AUT"]
[BlackTeamCountry "AUT"]

1. e4 c5 2. Nf3 d6 3. c3 Nf6 4. Be2 Bd7 5. d3 e6 6. 0-0 Be7 7. Re1 0-0 8. Bf1 Bc6 9. Nbd2 Ne8 10. d4 Nc7 11. dxc5 dxc5 12. a4 b6 13. Qc2 Bb7 14. Nc4 Qc8 15. Bf4 Rd8 16. Red1 Ne8 17. Rxd8 Bxd8 18. e5 Bxf3 19. gxf3 Nd7 20. Be3 Be7 21. f4 Nf8 22. Rd1 Qc7 23. f5 Rd8 24. fxe6 Nxe6 25. f4 Rxd1 26. Qxd1 g6 27. Qd5 N8g7 28. Bh3 Qd8 29. Qxd8+ Nxd8 30. Kf2 Nde6 31. Kf3 Kf8 32. Ke4 Ke8 33. Na3 Nc7 34. Nb5 Nxb5 35. axb5 Kd8 36. Kd5 Kc7 37. c4 f5 38. exf6 Bxf6 39. b3 Bc3 40. Bg4 Bb2 41. Bf2 Bf6 42. Bg3 Kb7 43. Kd6 a6 44. Kd7 axb5 45. cxb5 Ka7 46. h4 Bd4 47. Ke7 Bc3 48. Kf7 Bd4 49. Kg8 Ne8 50. Bf3 Nf6+ 51. Kf7 Bc3 52. Ke6 Ng8 53. f5 gxf5 54. Kxf5 Bd4 55. Ke6 Nf6 56. h5 1-0

[Event "SVK-chT 1516"]
[Site "Slovakia"]
[Date "2016.02.27"]
[Round "7.6"]
[White "Pinter, Erik"]
[Black "Pechac, Jergus"]
[Result "1-0"]
[WhiteElo "2370"]
[BlackElo "2495"]
[PlyCount "53"]
[EventDate "2015.10.10"]
[EventType "team-tourn"]
[EventRounds "11"]
[EventCountry "SVK"]
[SourceTitle "EXT 2017"]
[Source "ChessBase"]
[SourceDate "2016.10.25"]
[SourceVersion "1"]
[SourceVersionDate "2016.10.25"]
[SourceQuality "1"]
[WhiteTeam "Humenne Reinter"]
[BlackTeam "Dunajov Inbest"]
[WhiteTeamCountry "SVK"]
[BlackTeamCountry "SVK"]

1. e4 c5 2. Nf3 Nc6 3. Bb5 g6 4. 0-0 Bg7 5. Re1 d6 6. c3 Nh6 7. d4 cxd4 8. cxd4 0-0 9. d5 Na5 10. h3 Bd7 11. Bf1 Rc8 12. Na3 b5 13. Nxb5 Bxb5 14. Bxb5 Qb6 15. Qe2 Rb8 16. Bd3 Nb7 17. Rb1 f5 18. Bxh6 fxe4 19. Bxg7 exf3 20. Qd2 Kxg7 21. Rxe7+ Rf7 22. Rxf7+ Kxf7 23. Qh6 Kg8 24. Bxg6 hxg6 25. Qxg6+ Kf8 26. Qf6+ Kg8 27. Re1 1-0

[Event "AUT-chT2O 1516"]
[Site "Austria"]
[Date "2016.02.21"]
[Round "6.6"]
[White "Wiedermann, Franz"]
[Black "Pinter, Erik"]
[Result "0-1"]
[WhiteElo "2095"]
[BlackElo "2370"]
[PlyCount "76"]
[EventDate "2015.10.17"]
[EventType "team-tourn"]
[EventRounds "11"]
[EventCountry "AUT"]
[SourceTitle "EXT 2017"]
[Source "ChessBase"]
[SourceDate "2016.10.25"]
[SourceVersion "1"]
[SourceVersionDate "2016.10.25"]
[SourceQuality "1"]
[WhiteTeam "Austria"]
[BlackTeam "Nickelsdorf Blackburne"]
[WhiteTeamCountry "AUT"]
[BlackTeamCountry "AUT"]

1. d4 Nf6 2. c4 g6 3. Nc3 d5 4. Nf3 Bg7 5. Qb3 dxc4 6. Qxc4 Nfd7 7. Bf4 c6 8. e4 Nb6 9. Qb3 Bg4 10. a4 a5 11. Rd1 0-0 12. Be3 N8d7 13. Be2 Qc7 14. 0-0 Bxf3 15. gxf3 e5 16. d5 Kh8 17. d6 Qd8 18. f4 Bh6 19. f5 Bxe3 20. fxe3 Qg5+ 21. Kh1 Qxe3 22. Rf3 Qh6 23. Bc4 Nxc4 24. Qxc4 g5 25. Qf1 g4 26. Rg3 Rg8 27. Qc4 Qf6 28. Ne2 Rac8 29. Rb3 b6 30. Ng3 Rg5 31. Nf1 h5 32. Ne3 Rgg8 33. Rc3 g3 34. Qe2 Qh4 35. Nc4 gxh2 36. Rf3 Rg1+ 37. Rxg1 hxg1Q+ 38. Kxg1 Rg8+ 0-1

[Event "SVK-chT 1516"]
[Site "Slovakia"]
[Date "2016.01.16"]
[Round "5.4"]
[White "Pinter, Erik"]
[Black "Mikrut, Dariusz"]
[Result "1-0"]
[WhiteElo "2370"]
[BlackElo "2361"]
[PlyCount "101"]
[EventDate "2015.10.10"]
[EventType "team-tourn"]
[EventRounds "11"]
[EventCountry "SVK"]
[SourceTitle "CBM 170 Extra"]
[Source "ChessBase"]
[SourceDate "2016.02.25"]
[SourceVersion "1"]
[SourceVersionDate "2016.02.25"]
[SourceQuality "1"]
[WhiteTeam "Humenne Reinter"]
[BlackTeam "Prakovce"]
[WhiteTeamCountry "SVK"]
[BlackTeamCountry "SVK"]

1. e4 c5 2. Nf3 d6 3. c3 Nf6 4. Be2 Bg4 5. d3 Nc6 6. Nbd2 e6 7. 0-0 Be7 8. Re1 d5 9. Qa4 Qd7 10. exd5 exd5 11. d4 0-0 12. Bb5 Bd6 13. dxc5 Bxc5 14. Nb3 Bb6 15. Nbd4 Bxf3 16. Nxf3 Rfe8 17. Bf4 a6 18. Bxc6 Qxc6 19. Qxc6 bxc6 20. Kf1 Ng4 21. Bg3 f6 22. Rxe8+ Rxe8 23. Rd1 Re4 24. Nd2 Ra4 25. a3 Ne5 26. Ke2 Kf7 27. f3 c5 28. Bxe5 fxe5 29. c4 dxc4 30. Rc1 c3 31. Rxc3 Rh4 32. h3 Rd4 33. Ne4 Ke6 34. Nxc5+ Bxc5 35. Rxc5 Rd6 36. Ke3 g6 37. b4 h5 38. Ra5 Rc6 39. Kd3 Kf5 40. Rc5 Rd6+ 41. Ke3 Rd1 42. Ra5 Rd6 43. f4 Re6 44. Rxe5+ Rxe5+ 45. fxe5 Kxe5 46. a4 g5 47. b5 axb5 48. axb5 Kd5 49. b6 Kc6 50. Ke4 g4 51. h4 1-0

[Event "AUT-chT2O 1516"]
[Site "Austria"]
[Date "2015.11.29"]
[Round "4.6"]
[White "Pinter, Erik"]
[Black "Jacko, Vladimir1"]
[Result "1-0"]
[WhiteElo "2370"]
[BlackElo "2339"]
[PlyCount "125"]
[EventDate "2015.10.17"]
[EventType "team-tourn"]
[EventRounds "11"]
[EventCountry "AUT"]
[SourceTitle "EXT 2017"]
[Source "ChessBase"]
[SourceDate "2016.10.25"]
[SourceVersion "1"]
[SourceVersionDate "2016.10.25"]
[SourceQuality "1"]
[WhiteTeam "Nickelsdorf Blackburne"]
[BlackTeam "Pamhagen"]
[WhiteTeamCountry "AUT"]
[BlackTeamCountry "AUT"]

1. e4 c5 2. Nf3 g6 3. d4 cxd4 4. Nxd4 Bg7 5. c4 Nc6 6. Be3 Nf6 7. Nc3 0-0 8. Be2 d6 9. 0-0 Bd7 10. Qd2 Nxd4 11. Bxd4 Bc6 12. f3 a5 13. b3 Nd7 14. Be3 Nc5 15. Rac1 Qb6 16. Rfe1 Rfc8 17. Rc2 h5 18. Bf1 Kh7 19. Nd5 Qd8 20. Bg5 Bxd5 21. exd5 Bf6 22. Be3 Qd7 23. a3 a4 24. b4 Nb3 25. Qf2 e5 26. dxe6 Qxe6 27. Bd3 Re8 28. Rce2 Rac8 29. Bb6 Qd7 30. Rxe8 Rxe8 31. Be4 Bg7 32. Rd1 f5 33. Bd5 Qe7 34. f4 Bf6 35. g3 Kh6 36. Kg2 Bg7 37. h3 Qf6 38. Bf3 Kh7 39. Qc2 Qe6 40. Bf2 Rc8 41. Bxb7 Rxc4 42. Qd3 Nd4 43. Kf1 d5 44. Qe3 Qxe3 45. Bxe3 Nc2 46. Bc5 d4 47. Ke2 Nxa3 48. Bc6 Nc2 49. Bb5 Rc3 50. Bxa4 Re3+ 51. Kf2 Rc3 52. Ke2 Re3+ 53. Kf2 Rc3 54. Bxc2 Rxc2+ 55. Kf1 Rc4 56. Rd3 Kg8 57. Ke2 Kf7 58. Ra3 Rc2+ 59. Kd3 Rg2 60. Kc4 Rb2 61. Ra7+ Kg8 62. Rxg7+ Kxg7 63. Bxd4+ 1-0

[Event "AUT-chT2O 1516"]
[Site "Austria"]
[Date "2015.11.28"]
[Round "3.2"]
[White "Wilke, Werner"]
[Black "Pinter, Erik"]
[Result "1/2-1/2"]
[WhiteElo "2260"]
[BlackElo "2370"]
[PlyCount "140"]
[EventDate "2015.10.17"]
[EventType "team-tourn"]
[EventRounds "11"]
[EventCountry "AUT"]
[SourceTitle "EXT 2017"]
[Source "ChessBase"]
[SourceDate "2016.10.25"]
[SourceVersion "1"]
[SourceVersionDate "2016.10.25"]
[SourceQuality "1"]
[WhiteTeam "Poechlarn"]
[BlackTeam "Nickelsdorf Blackburne"]
[WhiteTeamCountry "AUT"]
[BlackTeamCountry "AUT"]

1. e4 c5 2. Nf3 d6 3. Bb5+ Nd7 4. d4 Ngf6 5. Nc3 cxd4 6. Qxd4 a6 7. Bxd7+ Bxd7 8. Bg5 h6 9. Bxf6 gxf6 10. Nd5 Rc8 11. c3 Rg8 12. Nb6 Rc5 13. Nxd7 Qxd7 14. g3 Qb5 15. 0-0-0 Rc4 16. Qd3 Qa4 17. b3 Qa3+ 18. Kb1 Rc7 19. Rhe1 Qc5 20. Re3 e6 21. Nd2 Rd7 22. f4 h5 23. Nf3 Kd8 24. Qd2 Kc8 25. Rd3 Be7 26. c4 Rc7 27. f5 Rg4 28. Re1 Kb8 29. Nd4 Qe5 30. Qe3 d5 31. exd5 Bb4 32. Qxe5 fxe5 33. Rxe5 exd5 34. Rxd5 h4 35. Nc2 Bc5 36. gxh4 Rxh4 37. h3 Rf4 38. Kb2 Be7 39. Ne3 Rf2+ 40. Rd2 Rf3 41. R5d3 Bf6+ 42. Kb1 Rc6 43. Nd5 Rxf5 44. Nxf6 Rcxf6 45. Re2 Rf2 46. Red2 Rf1+ 47. Kc2 Ka7 48. Kc3 Rh1 49. Re2 Rh6 50. Ree3 Rh4 51. Kb4 Kb6 52. Rf3 f5 53. Rxf5 R1xh3 54. Rd7 Rh7 55. c5+ Kc6 56. Rxh7 Rxh7 57. Rf6+ Kc7 58. Ka5 Rh3 59. Ka4 Rh2 60. a3 Rh4+ 61. Ka5 Rh3 62. Rb6 Rc3 63. Kb4 Rh3 64. a4 Rh5 65. Re6 Rh3 66. Rb6 Rh5 67. a5 Rh4+ 68. Ka3 Rh5 69. b4 Rh3+ 70. Ka4 Rc3 1/2-1/2

[Event "SVK-chT 1516"]
[Site "Slovakia"]
[Date "2015.10.10"]
[Round "1.3"]
[White "Pinter, Erik"]
[Black "Federic, Pavol"]
[Result "1-0"]
[WhiteElo "2370"]
[BlackElo "2167"]
[PlyCount "87"]
[EventDate "2015.10.10"]
[EventType "team-tourn"]
[EventRounds "11"]
[EventCountry "SVK"]
[SourceTitle "CBM 168 Extra"]
[Source "ChessBase"]
[SourceDate "2015.10.29"]
[SourceVersion "1"]
[SourceVersionDate "2015.10.29"]
[SourceQuality "1"]
[WhiteTeam "Humenne Reinter"]
[BlackTeam "Modra"]
[WhiteTeamCountry "SVK"]
[BlackTeamCountry "SVK"]

1. e4 e5 2. Nf3 Nc6 3. Bb5 a6 4. Ba4 Nf6 5. 0-0 Nxe4 6. d4 b5 7. Bb3 d5 8. dxe5 Be6 9. Nbd2 Nc5 10. c3 d4 11. Bc2 dxc3 12. bxc3 Be7 13. Qe2 0-0 14. Rd1 Qc8 15. Nd4 Na5 16. Nxe6 Qxe6 17. Nf3 Nc4 18. Re1 Nd7 19. Nd4 Qxe5 20. Bxh7+ Kh8 21. Bf5 Qxe2 22. Rxe2 Nde5 23. f4 c5 24. Nb3 Nc6 25. Be4 Bf6 26. Bxc6 Rac8 27. Bb7 Rb8 28. Bf3 Bxc3 29. Rb1 a5 30. Kf1 Rfc8 31. Nd2 Nd6 32. Ne4 Nxe4 33. Rxe4 a4 34. Bb2 Bxb2 35. Rxb2 b4 36. Rc4 b3 37. Rxa4 c4 38. axb3 cxb3 39. Ra3 Rc3 40. Ke2 Re8+ 41. Kd2 Ree3 42. Ra8+ Kh7 43. Rd8 f5 44. Be4 1-0

[Event "SVK-chT 1415"]
[Site "Slovakia"]
[Date "2015.03.20"]
[Round "9.5"]
[White "Pinter, Erik"]
[Black "Bednar, Jan"]
[Result "1-0"]
[WhiteElo "2354"]
[BlackElo "2162"]
[PlyCount "41"]
[EventDate "2014.10.25"]
[EventType "team-tourn"]
[EventRounds "11"]
[EventCountry "SVK"]
[SourceTitle "EXT 2016"]
[Source "ChessBase"]
[SourceDate "2015.10.08"]
[SourceVersion "1"]
[SourceVersionDate "2015.10.08"]
[SourceQuality "1"]
[WhiteTeam "Devinska Nova Ves"]
[BlackTeam "Bratislava Doprastav"]
[WhiteTeamCountry "SVK"]
[BlackTeamCountry "SVK"]

1. e4 e5 2. Nf3 Nc6 3. Bb5 a6 4. Ba4 d6 5. 0-0 Bd7 6. c3 g6 7. d4 Bg7 8. Re1 Nge7 9. Na3 0-0 10. Nc2 b5 11. Bb3 Na5 12. Be3 Nxb3 13. axb3 Nc6 14. dxe5 Nxe5 15. Nxe5 Bxe5 16. Bd4 Be6 17. Nb4 Bc8 18. Bxe5 dxe5 19. Qxd8 Rxd8 20. Nd5 Ra7 21. Ne7+ 1-0

[Event "SVK-chT1E 1415"]
[Site "Slovakia"]
[Date "2015.02.28"]
[Round "8.5"]
[White "Pinter, Erik"]
[Black "Budzak, Marcel"]
[Result "1-0"]
[WhiteElo "2354"]
[BlackElo "1883"]
[PlyCount "67"]
[EventDate "2014.10.18"]
[EventType "team-tourn"]
[EventRounds "11"]
[EventCountry "SVK"]
[SourceTitle "EXT 2016"]
[Source "ChessBase"]
[SourceDate "2015.10.08"]
[SourceVersion "1"]
[SourceVersionDate "2015.10.08"]
[SourceQuality "1"]
[WhiteTeam "Humenne"]
[BlackTeam "Kezmarok"]
[WhiteTeamCountry "SVK"]
[BlackTeamCountry "SVK"]

1. e4 c5 2. Nf3 Nc6 3. d4 cxd4 4. Nxd4 d6 5. Nc3 g6 6. Be3 Bg7 7. Qd2 Nf6 8. f3 a6 9. 0-0-0 Bd7 10. g4 b5 11. h4 h5 12. g5 Nh7 13. Nxc6 Bxc6 14. Nd5 Bxd5 15. exd5 0-0 16. f4 Re8 17. Bh3 Nf8 18. f5 Qc7 19. Kb1 a5 20. fxg6 fxg6 21. Bd4 Nd7 22. Be6+ Kh7 23. Bf7 Bxd4 24. Bxe8 Be5 25. Bxd7 Qxd7 26. Rhf1 Kg7 27. Rf3 Qg4 28. Qf2 Qb4 29. c3 Qe4+ 30. Ka1 Kg8 31. Rf1 Bg7 32. Re3 Qxd5 33. Rxe7 Rf8 34. Rxg7+ 1-0

[Event "AUT-chT2O 1415"]
[Site "Austria"]
[Date "2015.01.24"]
[Round "6.2"]
[White "Wukits, Rene"]
[Black "Pinter, Erik"]
[Result "1-0"]
[WhiteElo "2348"]
[BlackElo "2354"]
[PlyCount "51"]
[EventDate "2014.10.18"]
[EventType "team-tourn"]
[EventRounds "11"]
[EventCountry "AUT"]
[SourceTitle "EXT 2016"]
[Source "ChessBase"]
[SourceDate "2015.10.08"]
[SourceVersion "1"]
[SourceVersionDate "2015.10.08"]
[SourceQuality "1"]
[WhiteTeam "Tschaturanga"]
[BlackTeam "Nickelsdorf"]
[WhiteTeamCountry "AUT"]
[BlackTeamCountry "AUT"]

1. d4 Nf6 2. Nf3 g6 3. Nc3 d5 4. Bf4 Bg7 5. e3 0-0 6. Be2 c6 7. h3 Re8 8. 0-0 Bf5 9. Bd3 Bxd3 10. cxd3 Nfd7 11. b4 e6 12. Qb3 Bf8 13. Rfe1 a6 14. a4 a5 15. bxa5 Ra7 16. a6 Nxa6 17. Nb5 cxb5 18. axb5 Qb6 19. Qa4 Rea8 20. bxa6 Rxa6 21. Qxd7 Rxa1 22. Ng5 Rxe1+ 23. Kh2 Bg7 24. Qxf7+ Kh8 25. Nxe6 Rg8 26. Nxg7 1-0

[Event "SVK-chT1E 1415"]
[Site "Slovakia"]
[Date "2015.01.11"]
[Round "6.5"]
[White "Pinter, Erik"]
[Black "Copak, Jozef"]
[Result "1-0"]
[WhiteElo "2354"]
[BlackElo "1939"]
[PlyCount "56"]
[EventDate "2014.10.18"]
[EventType "team-tourn"]
[EventRounds "11"]
[EventCountry "SVK"]
[SourceTitle "EXT 2016"]
[Source "ChessBase"]
[SourceDate "2015.10.08"]
[SourceVersion "1"]
[SourceVersionDate "2015.10.08"]
[SourceQuality "1"]
[WhiteTeam "Humenne"]
[BlackTeam "Bardejov"]
[WhiteTeamCountry "SVK"]
[BlackTeamCountry "SVK"]

1. e4 c5 2. Nf3 Nc6 3. b3 d6 4. Bb5 Bd7 5. 0-0 Nf6 6. Re1 e6 7. Bb2 Be7 8. d4 cxd4 9. Nxd4 0-0 10. Nxc6 bxc6 11. Bd3 e5 12. c4 Qc7 13. Nc3 Be6 14. Rc1 Rfd8 15. Qe2 Qb7 16. c5 d5 17. exd5 cxd5 18. c6 Qxc6 19. Nb5 Qb6 20. Bxe5 Bg4 21. Qb2 Rd7 22. h3 Be6 23. Nc7 Rad8 24. Nxe6 fxe6 25. Bd4 Qa5 26. a4 Kf7 27. Qe2 Rd6 28. Bc5 Rb6 1-0

[Event "AUT-chT2O 1415"]
[Site "Austria"]
[Date "2014.10.19"]
[Round "2.4"]
[White "Karlusch, Albrecht"]
[Black "Pinter, Erik"]
[Result "0-1"]
[WhiteElo "2129"]
[BlackElo "2354"]
[PlyCount "46"]
[EventDate "2014.10.18"]
[EventType "team-tourn"]
[EventRounds "11"]
[EventCountry "AUT"]
[SourceTitle "EXT 2015"]
[Source "ChessBase"]
[SourceDate "2014.11.20"]
[SourceVersion "1"]
[SourceVersionDate "2014.11.20"]
[SourceQuality "1"]
[WhiteTeam "Donaustadt"]
[BlackTeam "Nickelsdorf"]
[WhiteTeamCountry "AUT"]
[BlackTeamCountry "AUT"]

1. e4 c5 2. Nf3 d6 3. d4 cxd4 4. Nxd4 Nf6 5. Nc3 Nc6 6. Be2 e5 7. Nf3 h6 8. 0-0 Be6 9. b3 Be7 10. Bb2 0-0 11. Nd2 Nd4 12. Nb5 Nxe2+ 13. Qxe2 a6 14. Na3 d5 15. exd5 Nxd5 16. Nac4 f6 17. Rfd1 Qc7 18. Rac1 Rfd8 19. g3 b5 20. Ne3 Nxe3 21. Qxe3 Bg4 22. Nf3 Rxd1+ 23. Rxd1 Qb7 0-1